Ambiguity machines: (Record no. 158065)

MARC details
000 -LEADER
fixed length control field 00491nam a22001817a 4500
005 - DATE AND TIME OF LATEST TRANSACTION
control field 20181016143219.0
010 ## - LCCN (DPL NO)
LC control number ENG-124311
020 ## - INTERNATIONAL STANDARD BOOK NUMBER
International Standard Book Number 9789385932557
Terms of availability 495.00
035 ## - SYSTEM CONTROL NUMBER
System control number EN-107843
037 ## - SOURCE OF ACQUISITION
Source of stock number/acquisition DBAD/PUB
082 ## - DEWEY DECIMAL CLASSIFICATION NUMBER
Classification number S
100 ## - MAIN ENTRY--PERSONAL NAME
Personal name Vandana Singh
245 ## - TITLE STATEMENT
Title Ambiguity machines:
Statement of responsibility, etc by Vandana Singh
Remainder of title and other stories /
260 ## - PUBLICATION, DISTRIBUTION, ETC. (IMPRINT)
Place of publication, distribution, etc New Delhi
Name of publisher, distributor, etc Zuban
Date of publication, distribution, etc 2018
270 ## - ADDRESS
Address 128 B Shahpur Ist floor
City New Delhi
Postal code 110049
300 ## - PHYSICAL DESCRIPTION
Extent 312p.
Dimensions 21cm(pbk)
942 ## - ADDED ENTRY ELEMENTS (KOHA)
Source of classification or shelving scheme Dewey Decimal Classification
Item type English Books
Classification part S
Call number suffix VAN
Holdings
Withdrawn status Lost status Not for loan Collection code Home library Current library Date acquired Source of acquisition Cost, normal purchase price Full call number Barcode Copy number Cost, replacement price Koha item type
    Not For Loan Fiction D.B.Act.Division Bawana 15/10/2018 DBAD/PUB 495.00 S VAN EN-107843 1 495.00 English Books

© Delhi Public Library
Hit Counter
free hit counter